000 00624nam a2200217Ii 4500
003 JO-AjNU
008 230606s9999||||xx |||||||||||||| ||und||
020 _a978-81-224-3645-7
040 _aJO-AjNU
_beng
_erda
_cJO-AjNU
041 _aeng
050 1 4 _aT353 2015
100 3 _aHyderabad, Jntu/Venugopal/Vprabhu Raja/Sreekanjana,
_eauthor
_94423
245 0 0 _aEngineering Drawing
250 _a3 ed
264 3 1 _aNew Delhi:New age pub ,2015
300 _a2000p
336 _atext
_btxt
_2rdacontent
337 _aunmediated
_bn
_2rdamedia
338 _avolume
_bnc
_2rdacarrier
650 4 _aEngineering Drawing
_94424
999 _aE2297
_c2295
_d2295